[Event "DOM-ch"]
[Site "Santo Domingo"]
[Date "2022.02.18"]
[Round "1"]
[White "Reyes Capellan, Elby"]
[Black "Fermin, Kedual"]
[Result "0-1"]
[WhiteElo "2063"]
[BlackElo "1802"]
[PlyCount "74"]
[EventDate "2022.02.18"]
[EventType "swiss"]
[EventRounds "11"]
[EventCountry "DOM"]
[SourceTitle "EXT 2023"]
[Source "ChessBase"]
[SourceDate "2022.10.05"]
[SourceVersion "1"]
[SourceVersionDate "2022.10.05"]
[SourceQuality "1"]

1. Nf3 c5 2. e4 Nc6 3. Bb5 g6 4. Bxc6 dxc6 5. 0-0 Bg7 6. h3 Nf6 7. Re1 0-0 8. Nc3 Re8 9. d3 e5 10. Be3 b6 11. a3 Qd6 12. Qb1 Bd7 13. Nd2 Nh5 14. Nc4 Qc7 15. b4 cxb4 16. axb4 f5 17. b5 f4 18. Bd2 f3 19. bxc6 Qxc6 20. g4 Nf4 21. Bxf4 exf4 22. Nd5 Qc8 23. Nd6 Qd8 24. Nxf4 Qf6 25. Qb3+ Re6 26. Nxe6 Bxe6 27. e5 Qe7 28. Qb4 Rf8 29. Qe4 Qh4 30. Re3 Qxh3 31. Rxf3 Rxf3 32. Rxa7 Qxg4+ 33. Qxg4 Bxg4 34. d4 Rf4 35. Ra8+ Bf8 36. c3 Bf3 37. Rb8 Rh4 0-1

[Event "DOM-ch"]
[Site "Santo Domingo"]
[Date "2021.05.21"]
[Round "9"]
[White "Amador Cedano, Benedicto Eurispide"]
[Black "Fermin, Kedual"]
[Result "1/2-1/2"]
[WhiteElo "1751"]
[BlackElo "1811"]
[PlyCount "22"]
[EventDate "2021.05.07"]
[EventType "swiss"]
[EventRounds "11"]
[EventCountry "DOM"]
[SourceTitle "CBM 203 Extra"]
[Source "ChessBase"]
[SourceDate "2021.09.30"]
[SourceVersion "1"]
[SourceVersionDate "2021.09.30"]
[SourceQuality "1"]

1. d4 Nf6 2. c4 e6 3. Nc3 Be7 4. Bf4 0-0 5. e3 b6 6. Nf3 Bb7 7. Be2 d5 8. cxd5 Nxd5 9. Nxd5 Qxd5 10. 0-0 Nd7 11. Rc1 Bd6 1/2-1/2

[Event "Santo Domingo De La Madre op"]
[Site "Santo Domingo"]
[Date "2018.06.02"]
[Round "8"]
[White "Gonzalez Feliz, Jesus Eliezer"]
[Black "Fermin, Kedual"]
[Result "1-0"]
[WhiteElo "1840"]
[BlackElo "1790"]
[PlyCount "39"]
[EventDate "2018.05.18"]
[EventType "swiss"]
[EventRounds "8"]
[EventCountry "DOM"]
[SourceTitle "CBM 184 Extra"]
[Source "ChessBase"]
[SourceDate "2018.06.28"]
[SourceVersion "1"]
[SourceVersionDate "2018.06.28"]
[SourceQuality "1"]

1. e4 c5 2. Nf3 Nc6 3. Bb5 Qb6 4. Nc3 e6 5. 0-0 a6 6. Bxc6 Qxc6 7. d3 Be7 8. Ne5 Qc7 9. f4 d6 10. Ng4 h5 11. Ne3 Bf6 12. f5 Bd7 13. Qe2 Ne7 14. Bd2 Nc6 15. Rac1 Nd4 16. Qe1 Be5 17. Nc4 Bxh2+ 18. Kxh2 d5+ 19. Bf4 Qc6 20. exd5 1-0

[Event "Santo Domingo Duarte Memorial 7th"]
[Site "Santo Domingo"]
[Date "2018.01.13"]
[Round "2"]
[White "Fermin, Kedual"]
[Black "Camacho Campusano, David Daniel"]
[Result "0-1"]
[WhiteElo "1785"]
[BlackElo "2111"]
[PlyCount "54"]
[EventDate "2018.01.12"]
[EventType "swiss"]
[EventRounds "8"]
[EventCountry "DOM"]
[SourceTitle "CBM 182 Extra"]
[Source "ChessBase"]
[SourceDate "2018.02.23"]
[SourceVersion "1"]
[SourceVersionDate "2018.02.23"]
[SourceQuality "1"]

1. d4 Nf6 2. c4 g6 3. Nc3 Bg7 4. e4 d6 5. Nf3 0-0 6. Be2 e5 7. d5 Na6 8. 0-0 Nc5 9. Qc2 a5 10. Be3 Nh5 11. a3 f5 12. b4 Nxe4 13. Nxe4 fxe4 14. Ng5 Nf4 15. Nxe4 Bf5 16. f3 Bxe4 17. fxe4 Qg5 18. Bxf4 Rxf4 19. Bf3 axb4 20. axb4 Rxa1 21. Rxa1 Rxf3 22. Qa2 Qe3+ 23. Kh1 Rf2 24. Qa8+ Bf8 25. Qe8 Qxe4 26. Qe6+ Kh8 27. Rg1 Qf4 0-1

[Event "Santo Domingo Duarte Memorial 5th"]
[Site "Santo Domingo"]
[Date "2016.01.17"]
[Round "8"]
[White "Fermin, Kedual"]
[Black "Paulino Rosario, Dalver"]
[Result "0-1"]
[WhiteElo "1755"]
[BlackElo "1626"]
[PlyCount "158"]
[EventDate "2016.01.08"]
[EventType "swiss"]
[EventRounds "8"]
[EventCountry "DOM"]
[SourceTitle "CBM 170 Extra"]
[Source "ChessBase"]
[SourceDate "2016.02.25"]
[SourceVersion "1"]
[SourceVersionDate "2016.02.25"]
[SourceQuality "1"]

1. d4 e5 2. dxe5 Nc6 3. f4 Bc5 4. Nf3 f6 5. e3 fxe5 6. fxe5 Qe7 7. Qd5 b6 8. c3 a5 9. Be2 Bb7 10. 0-0 0-0-0 11. Kh1 Nd4 12. Qxb7+ Kxb7 13. exd4 Nh6 14. Bg5 Qe6 15. Bxd8 Rxd8 16. dxc5 bxc5 17. Nbd2 Ng4 18. Rae1 Rf8 19. Ne4 Qh6 20. h3 Ne3 21. Nxc5+ Kc8 22. e6 dxe6 23. Ba6+ Kd8 24. Nxe6+ Qxe6 25. Rxe3 Qxa6 26. Rd1+ Kc8 27. Red3 Qb5 28. b4 axb4 29. cxb4 Qxb4 30. Ne5 Qb5 31. Rd5 Qe2 32. Nf3 Qxa2 33. R5d2 Qc4 34. Ra1 Rf5 35. Ra8+ Kb7 36. Rda2 Rb5 37. R2a7+ Kc6 38. Ra6+ Kd7 39. Ra4 Qe6 40. R8a6 Qe3 41. Rd4+ Kc8 42. Rda4 Kb7 43. Ra1 Rb2 44. R6a3 Qf4 45. Ra7+ Kb8 46. Ra8+ Kb7 47. R8a7+ Kc6 48. R7a6+ Kd7 49. Rd1+ Kc8 50. Ra8+ Kb7 51. Rg8 Qg3 52. Rg1 h6 53. Re8 g5 54. Re6 h5 55. Rg6 g4 56. Nh2 Rb4 57. Rh6 gxh3 58. gxh3 Qxh3 59. Rhg6 Qf5 60. R6g5 Qe4+ 61. R5g2 h4 62. Ng4 h3 63. Nf2 hxg2+ 64. Rxg2 Qxg2+ 65. Kxg2 c5 66. Nd3 Rc4 67. Kf2 Ka6 68. Ke2 Kb5 69. Kd2 Rh4 70. Kc2 Rh2+ 71. Kc3 Rg2 72. Nb2 Rg3+ 73. Kc2 c4 74. Nd1 Kb4 75. Nb2 Rg2+ 76. Kc1 Kb3 77. Nd1 Rg1 78. Kd2 Rxd1+ 79. Kxd1 Kb2 0-1